| 000 | 00633nam a2200205Ia 4500 | ||
|---|---|---|---|
| 005 | 20250508163607.0 | ||
| 008 | 008 250505s9999 xx 000 0 eng d | ||
| 037 | _aTextual | ||
| 040 |
_aFEDL _beng _cFEDL |
||
| 041 |
_aeng _2eng |
||
| 084 |
_a377.97, AHM _qFEDL |
||
| 100 |
_aMohammad Akhlaq Ahmad _9773350 |
||
| 245 | 0 | _aTraditional education among muslims : A study of some aspects in modern Indian | |
| 260 |
_aDelhi, India _bB R Publishing Corporation _c1985 |
||
| 300 | _a216p. | ||
| 365 |
_aINR _b125 |
||
| 650 |
_aMuslims education _9773351 |
||
| 942 |
_cTEXL _h377.97, AHM |
||
| 999 |
_c1384259 _d1384259 |
||